00213nam a2200085Ia 4500008004100000082001600041100001900057245003500076300001600111230907s9999||||xx |||||||||||||| ||und|| a697.78bMAE aMaeda, Martha, 0aHow to solar power your home : a336 pages :